[Event "40th New York Masters"]
[Site "New York"]
[Date "2003.01.21"]
[Round "4"]
[White "Bonin, Jay R"]
[Black "Furdzik, Rafal"]
[Result "0-1"]
[WhiteElo "2445"]
[BlackElo "2319"]
[PlyCount "48"]
[EventDate "2003.01.21"]
[SourceDate "2002.01.21"]

1. d4 Nf6 2. Nf3 d5 3. c4 e6 4. g3 dxc4 5. Bg2 Nc6 6. Qa4 Bb4+ 7. Bd2 Nd5 8.
Bxb4 Ndxb4 9. Nc3 a6 10. a3 Nd5 11. Qxc4 O-O 12. O-O Nxc3 13. Qxc3 Qe7 14. Rac1
Rd8 15. Rfd1 Bd7 16. Ne1 Be8 17. Nd3 Nxd4 18. Kf1 c6 19. Qc5 Qc7 20. Qc4 e5 21.
b4 Bd7 22. Nxe5 Be6 23. Qc3 Qxe5 24. e3 Qb5+ 0-1

[Event "40th New York Masters"]
[Site "New York"]
[Date "2003.01.21"]
[Round "4"]
[White "Tamarkin, Larry S"]
[Black "Bartell, Thomas"]
[Result "1-0"]
[WhiteElo "2150"]
[BlackElo "2219"]
[PlyCount "51"]
[EventDate "2003.01.21"]
[SourceDate "2002.01.21"]

1. d4 Nf6 2. Bg5 Ne4 3. Bf4 d5 4. f3 Nf6 5. Nc3 c5 6. e4 dxe4 7. d5 a6 8. fxe4
e6 9. a4 exd5 10. exd5 Bd6 11. Bxd6 Qxd6 12. Nf3 O-O 13. Be2 Bg4 14. O-O Nbd7
15. Qd2 Rfe8 16. Rad1 Nf8 17. Kh1 Rad8 18. Rf2 Ng6 19. Ng1 Re5 20. h3 Nh5 21.
Bxg4 Ng3+ 22. Kh2 Rxd5 23. Nf3 Nf1+ 24. Kg1 Nxd2 25. Nxd5 Qxd5 26. Rfxd2 1-0

[Event "41st New York Masters"]
[Site "New York"]
[Date "2003.01.28"]
[Round "1"]
[White "Shahade, Jennifer"]
[Black "Ibragimov, Ildar"]
[Result "1-0"]
[WhiteElo "2352"]
[BlackElo "2651"]
[PlyCount "89"]
[EventDate "2003.01.28"]
[SourceDate "2002.01.21"]

1. e4 e5 2. Nf3 Nc6 3. Bb5 a6 4. Ba4 Nf6 5. O-O Be7 6. Re1 b5 7. Bb3 d6 8. c3
O-O 9. h3 Bb7 10. d4 Na5 11. Bc2 Nc4 12. b3 Nb6 13. Nbd2 Nfd7 14. Nf1 c5 15. d5
f5 16. a4 fxe4 17. Bxe4 Nf6 18. Bf5 Nbxd5 19. Ng5 Nc7 20. Be6+ Kh8 21. Nf7+
Rxf7 22. Bxf7 Qf8 23. Bh5 Ncd5 24. Bd2 b4 25. cxb4 Nxh5 26. Qxh5 cxb4 27. Rac1
a5 28. Ng3 g6 29. Qe2 Qf7 30. Ne4 Ba6 31. Qg4 Qf5 32. Bh6 Bd3 33. Rc6 Rd8 34.
Ng5 Kg8 35. Ne6 Qxg4 36. hxg4 Rd7 37. Ng5 Bxg5 38. Bxg5 Kf7 39. Rc8 h5 40. gxh5
gxh5 41. Bd2 e4 42. Rec1 Ke6 43. Rh8 Nf6 44. Bg5 Rh7 45. Bxf6 1-0

[Event "41st New York Masters"]
[Site "New York"]
[Date "2003.01.28"]
[Round "2"]
[White "Vovsha, Eli"]
[Black "Shahade, Jennifer"]
[Result "1-0"]
[WhiteElo "2484"]
[BlackElo "2352"]
[PlyCount "83"]
[EventDate "2003.01.28"]
[SourceDate "2002.01.21"]

1. e4 c5 2. Nf3 d6 3. d4 Nf6 4. Nc3 cxd4 5. Nxd4 a6 6. Be3 e5 7. Nb3 Be6 8. f3
Be7 9. Qd2 O-O 10. O-O-O Qc7 11. g4 Rc8 12. Kb1 Nbd7 13. Qf2 b5 14. g5 Nh5 15.
Nd5 Bxd5 16. Rxd5 Rab8 17. Bh3 g6 18. Bg4 Nf4 19. Bxf4 exf4 20. Bxd7 Qxd7 21.
Qd2 Qc7 22. Rc1 Bf8 23. Qxf4 a5 24. Nd4 Qc4 25. Qd2 b4 26. Qd3 Qc7 27. Nb5 Qd8
28. f4 Rc5 29. Rxc5 dxc5 30. a4 bxa3 31. Nxa3 Qb6 32. Nc4 Qb5 33. Rd1 a4 34.
Qc3 Qb4 35. Rd3 h6 36. h4 hxg5 37. hxg5 Bg7 38. e5 a3 39. Qxb4 Rxb4 40. Rd8+
Kh7 41. b3 Rb7 42. Nxa3 1-0

[Event "41st New York Masters"]
[Site "New York"]
[Date "2003.01.28"]
[Round "4"]
[White "Vovsha, Eli"]
[Black "Kacheishvili, Giorgi"]
[Result "1/2-1/2"]
[WhiteElo "2484"]
[BlackElo "2681"]
[PlyCount "51"]
[EventDate "2003.01.28"]
[SourceDate "2002.01.21"]

1. e4 e6 2. d4 d5 3. Nc3 Nf6 4. Bg5 dxe4 5. Nxe4 Be7 6. Bxf6 Bxf6 7. Nf3 O-O 8.
Qd2 Nd7 9. O-O-O b6 10. Qf4 Bb7 11. Bc4 Bd5 12. Bxd5 exd5 13. Ng3 Re8 14. Rhe1
Rxe1 15. Rxe1 Nf8 16. Nh5 Ne6 17. Nxf6+ Qxf6 18. Qxf6 gxf6 19. Kd2 Kf8 20. g3
Ke7 21. Nh4 Kd7 22. c3 c5 23. Nf5 cxd4 24. cxd4 Rc8 25. b3 b5 26. f4 1/2-1/2

[Event "42nd New York Masters"]
[Site "New York"]
[Date "2003.02.04"]
[Round "1"]
[White "Bonin, Jay R"]
[Black "Grinman, Maksim"]
[Result "1-0"]
[WhiteElo "2415"]
[BlackElo "2134"]
[PlyCount "37"]
[EventDate "2003.02.04"]
[SourceDate "2002.01.21"]

1. d4 d5 2. Bg5 f6 3. Bh4 Nh6 4. f3 Nf5 5. Bf2 Nc6 6. c3 e5 7. e4 dxe4 8. fxe4
Nd6 9. Nd2 exd4 10. cxd4 Nf7 11. Ngf3 Bg4 12. Bb5 Bd7 13. O-O Be7 14. Nb3 O-O
15. Rc1 Re8 16. Bc4 Bd6 17. e5 Bf8 18. Bh4 Bg4 19. exf6 1-0

[Event "42nd New York Masters"]
[Site "New York"]
[Date "2003.02.04"]
[Round "3"]
[White "Krush, Irina"]
[Black "Wojtkiewicz, Aleksander"]
[Result "1-0"]
[WhiteElo "2402"]
[BlackElo "2637"]
[PlyCount "93"]
[EventDate "2003.02.04"]
[SourceDate "2002.01.21"]

1. d4 Nf6 2. c4 g6 3. Nc3 Bg7 4. e4 O-O 5. Nf3 d6 6. Be2 c5 7. d5 e6 8. h3 exd5
9. exd5 Bf5 10. O-O Ne4 11. Nxe4 Bxe4 12. Ng5 Bf5 13. Bd3 Bxd3 14. Qxd3 Nd7 15.
Nf3 a6 16. Rb1 b5 17. b3 Rb8 18. Bf4 Qc7 19. Rfe1 Nf6 20. Ng5 Qd7 21. Ne4 Nxe4
22. Qxe4 Bc3 23. Rec1 Rfe8 24. Qd3 b4 25. a4 Qe7 26. Bd2 Bd4 27. Re1 Qf6 28.
Be3 Be5 29. Re2 Bc3 30. Bd2 Qd4 31. Qxd4 cxd4 32. Kf1 d3 33. Rxe8+ Rxe8 34. Rd1
Re2 35. Bf4 Rb2 36. Rxd3 Rxb3 37. Bxd6 Rb1+ 38. Ke2 Re1+ 39. Kf3 b3 40. Rxc3 b2
41. Rb3 b1=Q 42. Rxb1 Rxb1 43. c5 Rd1 44. c6 Rxd5 45. c7 Rd3+ 46. Ke4 Rc3 47.
Kd4 1-0

[Event "42nd New York Masters"]
[Site "New York"]
[Date "2003.02.04"]
[Round "4"]
[White "Shahade, Gregory"]
[Black "Stripunsky, Alexander"]
[Result "0-1"]
[WhiteElo "2510"]
[BlackElo "2648"]
[PlyCount "68"]
[EventDate "2003.02.04"]
[SourceDate "2002.01.21"]

1. e4 c5 2. Nf3 e6 3. d4 cxd4 4. Nxd4 a6 5. Nc3 b5 6. Bd3 Qb6 7. Nb3 Qc7 8. f4
Bb7 9. Qf3 f5 10. Qe2 b4 11. Nd1 fxe4 12. Bxe4 Bxe4 13. Qxe4 Nc6 14. Qe2 Nf6
15. O-O Bd6 16. Ne3 Bxf4 17. Ng4 Bxc1 18. Nxf6+ gxf6 19. Qh5+ Ke7 20. Raxc1 Qe5
21. Qh4 Rag8 22. Kh1 Rg5 23. Rce1 Rh5 24. Rxe5 Rxh4 25. Rc5 Re4 26. Kg1 f5 27.
Rd1 Rg8 28. Rd2 Rgg4 29. h3 Rgf4 30. c3 Re1+ 31. Kh2 Rff1 32. Kg3 Re3+ 33. Kh2
f4 34. h4 Ne5 0-1

[Event "43rd New York Masters"]
[Site "New York"]
[Date "2003.02.11"]
[Round "3"]
[White "Blatny, Pavel"]
[Black "Kreiman, Boris"]
[Result "0-1"]
[WhiteElo "2564"]
[BlackElo "2581"]
[PlyCount "128"]
[EventDate "2003.02.11"]
[SourceDate "2002.01.21"]

1. g3 d5 2. Bg2 g6 3. c4 d4 4. d3 Bg7 5. b4 Nf6 6. Nd2 O-O 7. Ngf3 Nfd7 8. Bb2
e5 9. h4 c5 10. h5 cxb4 11. hxg6 hxg6 12. a3 b3 13. Nxb3 Nc6 14. Qc2 a5 15. Nh4
a4 16. Nd2 Nc5 17. Bd5 Ne7 18. Bg2 f5 19. Nhf3 Bf6 20. Kf1 Kg7 21. Re1 Nc6 22.
Kg1 Be6 23. Qc1 Qd7 24. Qb1 Rfe8 25. Bc1 Bf7 26. Nf1 Qd8 27. Bh6+ Kg8 28. Nh4
e4 29. Rd1 Qe7 30. Nh2 e3 31. f4 Bxh4 32. gxh4 Qxh4 33. Nf3 Qf2+ 34. Kh2 Qxe2
35. Rhe1 Qf2 36. Rf1 Qe2 37. Kg3 Kh7 38. Bg5 Kg7 39. Qb6 Nxd3 40. Qxb7 Rac8 41.
Rxd3 Qxd3 42. Qd7 e2 43. Rh1 Qxc4 44. Qd6 Qe6 45. Qc5 Kg8 46. Ne1 d3 47. Qc3
Qe3+ 48. Bf3 Nd4 49. Bf6 Qg1+ 50. Rxg1 Rxc3 51. Bxd4 Rxa3 52. Rh1 Bc4 53. Rh8+
Kf7 54. Rh7+ Ke6 55. Be3 Ra2 56. Rc7 Kd6 57. Rxc4 Rxe3 58. Rd4+ Kc5 59. Rd8 d2
60. Rc8+ Kb4 61. Rb8+ Ka3 62. Kf2 dxe1=Q+ 63. Kxe1 Ra1+ 64. Kf2 e1=Q+ 0-1

[Event "44th New York Masters"]
[Site "New York"]
[Date "2003.02.18"]
[Round "1"]
[White "Schmaltz, Roland"]
[Black "Furdzik, Rafal"]
[Result "1-0"]
[WhiteElo "2628"]
[BlackElo "2282"]
[PlyCount "69"]
[EventDate "2003.02.18"]
[SourceDate "2002.01.21"]

1. e4 c6 2. d4 d5 3. Nd2 dxe4 4. Nxe4 Bf5 5. Ng3 Bg6 6. Nf3 Nd7 7. h4 h6 8. h5
Bh7 9. Bd3 Bxd3 10. Qxd3 e6 11. Bf4 Ngf6 12. O-O-O Be7 13. Kb1 O-O 14. c4 Qa5
15. Ne5 Rad8 16. Qe2 Nxe5 17. Bxe5 b5 18. c5 Rd5 19. Nf1 Rfd8 20. Ne3 R5d7 21.
Rh3 Nd5 22. Rg3 Bf8 23. Qg4 Qa4 24. Nxd5 Rxd5 25. Rc1 R8d7 26. Qf4 Kh7 27. Qe4+
Kg8 28. f4 f5 29. Qe1 Bxc5 30. dxc5 Rd1 31. Rxg7+ Kf8 32. Rxd7 Rxe1 33. Rxe1
Qc4 34. Red1 Qe4+ 35. Ka1 1-0

[Event "44th New York Masters"]
[Site "New York"]
[Date "2003.02.18"]
[Round "2"]
[White "Benen, Samson"]
[Black "Schmaltz, Roland"]
[Result "0-1"]
[WhiteElo "2273"]
[BlackElo "2628"]
[PlyCount "72"]
[EventDate "2003.02.18"]
[SourceDate "2002.01.21"]

1. d4 Nf6 2. Nf3 e6 3. c4 b6 4. g3 Ba6 5. b3 Bb4+ 6. Bd2 Be7 7. Bg2 d5 8. Bc3
O-O 9. Nbd2 Bb7 10. O-O dxc4 11. Nxc4 Nbd7 12. Bb2 c5 13. Rc1 Rc8 14. dxc5 Nxc5
15. Qxd8 Rfxd8 16. Rfd1 Nce4 17. Nfe5 Bc5 18. e3 Bd5 19. Nd3 Bf8 20. Nce5 h6
21. f3 Nc5 22. e4 Bb7 23. Bf1 Ne8 24. Nxc5 Bxc5+ 25. Kg2 Be3 26. Rxc8 Rxc8 27.
Nc4 Bc5 28. Rd7 Bc6 29. Rd2 f6 30. Rc2 Kf8 31. a3 Bd7 32. b4 Be7 33. Bd3 Ba4
34. Rc1 Rd8 35. Rc3 Bb5 36. Kf1 Rxd3 0-1

[Event "44th New York Masters"]
[Site "New York"]
[Date "2003.02.18"]
[Round "3"]
[White "Furdzik, Rafal"]
[Black "Benen, Samson"]
[Result "1/2-1/2"]
[WhiteElo "2282"]
[BlackElo "2273"]
[PlyCount "50"]
[EventDate "2003.02.18"]
[SourceDate "2002.01.21"]

1. e4 e5 2. Nf3 Nc6 3. d4 exd4 4. Nxd4 Bb4+ 5. c3 Bc5 6. Nxc6 bxc6 7. Bd3 Ne7
8. O-O O-O 9. Nd2 d6 10. b4 Bb6 11. Bb2 Ng6 12. c4 Nf4 13. Nf3 a5 14. a3 Bg4
15. Qd2 Ne6 16. Be2 Bxf3 17. Bxf3 axb4 18. axb4 Rxa1 19. Bxa1 Qg5 20. Qxg5 Nxg5
21. Bc3 Ra8 22. Ra1 Rxa1+ 23. Bxa1 Ne6 24. Bg4 Bd4 25. Bxe6 Bxa1 1/2-1/2

[Event "44th New York Masters"]
[Site "New York"]
[Date "2003.02.18"]
[Round "4"]
[White "Shahade, Gregory"]
[Black "Schmaltz, Roland"]
[Result "0-1"]
[WhiteElo "2510"]
[BlackElo "2628"]
[PlyCount "118"]
[EventDate "2003.02.18"]
[SourceDate "2002.01.21"]

1. e4 c5 2. Nf3 e6 3. d4 cxd4 4. Nxd4 a6 5. Nc3 b5 6. Bd3 Qb6 7. Nb3 Qc7 8. O-O
Bb7 9. Qe2 Nf6 10. f4 b4 11. Nd1 Nc6 12. Nf2 d6 13. Be3 Be7 14. Rac1 O-O 15. c3
bxc3 16. Rxc3 Rfc8 17. Rfc1 Qd8 18. Nd4 Nxd4 19. Bxd4 Nd7 20. Ng4 h5 21. Nf2 e5
22. Rxc8 Rxc8 23. Bc3 exf4 24. Qxh5 Ne5 25. Rd1 g6 26. Qh3 Qb6 27. Bb1 Rc7 28.
Bd4 Qb5 29. Qh6 Bg5 30. Qh3 Qe2 31. Bd3 Qxd1+ 32. Nxd1 Bc8 33. g4 Bxg4 34. Qf1
Nf3+ 35. Kg2 Nxd4 36. Nc3 Bf3+ 37. Kg1 Bh5 38. h4 Nf3+ 39. Kh1 Nxh4 40. Be2 f3
41. Bxa6 d5 42. exd5 Nf5 43. Qf2 Bh4 44. Qb6 Re7 45. Qb8+ Kh7 46. Kh2 f2 47.
Qf4 Bg3+ 48. Qxg3 Nxg3 49. Kxg3 Be2 50. Bxe2 Rxe2 51. Kg2 Rxb2 52. d6 Rd2 53.
Ne4 Rd4 54. d7 Kg7 55. Nc5 Kf8 56. a4 Ke7 57. a5 Rd5 58. Nb7 Kxd7 59. a6 Kc7
0-1

[Event "45th New York Masters"]
[Site "New York"]
[Date "2003.02.25"]
[Round "1"]
[White "Furdzik, Rafal"]
[Black "Stripunsky, Alexander"]
[Result "0-1"]
[WhiteElo "2282"]
[BlackElo "2648"]
[PlyCount "88"]
[EventDate "2003.02.25"]
[SourceDate "2002.01.21"]

1. e4 c5 2. Nf3 e6 3. Qe2 Nc6 4. g3 d6 5. Bg2 g6 6. O-O Bg7 7. c3 e5 8. d3 Nge7
9. Nh4 O-O 10. f4 exf4 11. gxf4 f5 12. Be3 Kh8 13. Nd2 Be6 14. Ndf3 Bg8 15. Ng5
h6 16. Nh3 Kh7 17. Kh1 Qd7 18. Qc2 Be6 19. Nf2 Rac8 20. Rae1 b5 21. b3 a5 22.
Nf3 Nd4 23. Qd2 Nxf3 24. Bxf3 b4 25. Nd1 bxc3 26. Nxc3 d5 27. exd5 Nxd5 28.
Nxd5 Bxd5 29. Qxa5 Bxf3+ 30. Rxf3 Qd5 31. Kg2 g5 32. fxg5 f4 33. g6+ Kh8 34.
Bg1 Rc6 35. Re4 Rxg6+ 36. Kf1 Qg5 37. Bf2 Qh5 38. Ke2 Rg2 39. Qc7 Bd4 40. Rxd4
cxd4 41. Qc6 Rxh2 42. Kf1 Rh1+ 43. Ke2 Re8+ 44. Kd2 Qa5+ 0-1

[Event "45th New York Masters"]
[Site "New York"]
[Date "2003.02.25"]
[Round "2"]
[White "D'Arruda, Ricardo D"]
[Black "Schmaltz, Roland"]
[Result "1/2-1/2"]
[WhiteElo "2386"]
[BlackElo "2628"]
[PlyCount "113"]
[EventDate "2003.02.25"]
[SourceDate "2002.01.21"]

1. d4 Nf6 2. c4 e6 3. Nf3 b6 4. g3 Ba6 5. b3 Bb4+ 6. Bd2 Be7 7. Bg2 d5 8. O-O
O-O 9. Bc3 Bb7 10. Nbd2 Na6 11. Bb2 dxc4 12. Nxc4 c5 13. dxc5 Nxc5 14. Qxd8
Rfxd8 15. Rfd1 Rac8 16. Nfe5 Bxg2 17. Kxg2 Nd5 18. Nd3 Na4 19. Rac1 Nxb2 20.
Ncxb2 b5 21. Rxc8 Rxc8 22. a4 bxa4 23. Nxa4 Rc2 24. Rc1 Rxe2 25. Rc8+ Bf8 26.
Ndc5 Rc2 27. Ra8 Nf6 28. Rxa7 g5 29. Nd7 Nxd7 30. Rxd7 h5 31. h3 Bb4 32. Rd1 f5
33. Kf1 Kf7 34. g4 fxg4 35. hxg4 h4 36. Rd3 e5 37. Rf3+ Ke6 38. Nb6 Bc5 39. Nc4
Bd4 40. Kg2 e4 41. Rf8 Ke7 42. Rf5 Ke6 43. Rf8 Kd7 44. Rf7+ Kc6 45. Kg1 Rc3 46.
Kg2 Rc2 47. Kg1 Kc5 48. Rf5+ Kb4 49. Ne3 Bxe3 50. fxe3 Re2 51. Rxg5 h3 52. Re5
Rxe3 53. g5 Kc3 54. g6 Rg3+ 55. Kh2 Rxg6 56. Rxe4 Kxb3 57. Re3+ 1/2-1/2

[Event "45th New York Masters"]
[Site "New York"]
[Date "2003.02.25"]
[Round "3"]
[White "Shahade, Gregory"]
[Black "Stripunsky, Alexander"]
[Result "0-1"]
[WhiteElo "2510"]
[BlackElo "2648"]
[PlyCount "102"]
[EventDate "2003.02.25"]
[SourceDate "2002.01.21"]

1. e4 c5 2. Nf3 e6 3. d4 cxd4 4. Nxd4 a6 5. Nc3 b5 6. Bd3 Qb6 7. Nf3 Qc7 8. O-O
Nc6 9. e5 Bb7 10. Bf4 Nge7 11. Bxb5 Ng6 12. Bxc6 Bxc6 13. Bg3 h5 14. h3 h4 15.
Bh2 Qb7 16. Qd3 Rc8 17. Rfe1 Bxf3 18. Qxf3 Qxf3 19. gxf3 Bb4 20. Re3 Bxc3 21.
Rxc3 Rxc3 22. bxc3 Ke7 23. Rb1 Rc8 24. Rb3 Rc5 25. f4 Ra5 26. a3 Ra4 27. Kg2
Nxf4+ 28. Bxf4 Rxf4 29. Rb4 Rf5 30. Re4 g5 31. Kf1 Rf3 32. Rc4 Rxh3 33. Kg2 g4
34. Rxg4 Rxc3 35. Rxh4 Rxa3 36. Rc4 a5 37. Rc5 Ra1 38. f4 a4 39. Ra5 a3 40. Ra8
a2 41. Kf2 f5 42. Ra7 Kd8 43. Kg2 Kc8 44. c4 Kb8 45. Ra5 Kb7 46. Rb5+ Kc7 47.
Ra5 Kc6 48. Ra7 Kc5 49. Ra4 Kd4 50. Ra7 Ke3 51. Ra4 Kxf4 0-1

[Event "46th New York Masters"]
[Site "New York"]
[Date "2003.03.04"]
[Round "1"]
[White "Lenderman, Alex"]
[Black "Bonin, Jay R"]
[Result "0-1"]
[WhiteElo "2206"]
[BlackElo "2415"]
[PlyCount "104"]
[EventDate "2003.03.04"]
[SourceDate "2002.01.21"]

1. e4 c6 2. d4 d6 3. Nf3 Bg4 4. Nc3 a6 5. h3 Bh5 6. a4 Nd7 7. Be2 Bxf3 8. Bxf3
e5 9. dxe5 dxe5 10. O-O a5 11. Be3 Bc5 12. Bxc5 Nxc5 13. Qe2 Nf6 14. Rfd1 Qe7
15. Qe3 O-O 16. Rd2 Rfd8 17. Rad1 b6 18. b3 h6 19. Ne2 Rxd2 20. Rxd2 Rd8 21.
Ng3 Rxd2 22. Qxd2 Qd7 23. Qxd7 Nfxd7 24. Be2 g6 25. Bc4 Nf6 26. f3 Ne8 27. Nf1
Nd6 28. Ne3 Kg7 29. Be2 b5 30. axb5 cxb5 31. b4 axb4 32. Bd1 Na4 33. Be2 Nc3
34. Bd3 Nb7 35. Nd5 Nxd5 36. exd5 Nd6 37. Kf2 f5 38. Ke3 Kf6 39. g4 Kg5 40.
gxf5 gxf5 41. f4+ Kf6 42. h4 Nc4+ 43. Kf2 exf4 44. d6 Nxd6 45. Kf3 Ke5 46. Be2
Nc4 47. Bd3 Ne3 48. Ke2 Kd4 49. Bxb5 Nxc2 50. Kf3 Ke5 51. Bc4 b3 52. Bd3 Ne1+
0-1

[Event "46th New York Masters"]
[Site "New York"]
[Date "2003.03.04"]
[Round "3"]
[White "Sarkar, Justin"]
[Black "Corbblah, Jonathan"]
[Result "1-0"]
[WhiteElo "2349"]
[BlackElo "1973"]
[PlyCount "45"]
[EventDate "2003.03.04"]
[SourceDate "2002.01.21"]

1. Nf3 g5 2. Nxg5 e5 3. d4 h6 4. Nh3 e4 5. Nf4 Bg7 6. Nh5 Bf6 7. c4 c6 8. Nc3
Na6 9. Bf4 d6 10. Nxe4 Qa5+ 11. Qd2 Qxh5 12. Nxd6+ Kf8 13. e3 Bd8 14. c5 Nf6
15. Bc4 Rh7 16. O-O Nc7 17. Be2 Bg4 18. f3 Bc8 19. g4 Rg7 20. Bg3 Qh3 21. Rf2
Nh5 22. Bf1 Qg2+ 23. Kxg2 1-0

[Event "47th New York Masters"]
[Site "New York"]
[Date "2003.03.11"]
[Round "1"]
[White "Margulis, Evgeny"]
[Black "Ehlvest, Jaan"]
[Result "0-1"]
[WhiteElo "2369"]
[BlackElo "2702"]
[PlyCount "94"]
[EventDate "2003.03.11"]
[SourceDate "2002.01.21"]

1. d4 d5 2. c4 e6 3. Nf3 Nf6 4. g3 Bb4+ 5. Bd2 Be7 6. Bg2 O-O 7. cxd5 exd5 8.
O-O c6 9. Nc3 Bf5 10. Bg5 Nbd7 11. Nd2 h6 12. Bxf6 Nxf6 13. e3 Bd6 14. a3 Qe7
15. Re1 Rfe8 16. f3 c5 17. Nb5 cxd4 18. exd4 Qxe1+ 19. Qxe1 Rxe1+ 20. Rxe1 Bf8
21. Nf1 Bd3 22. Nc3 Rc8 23. Rd1 Bxf1 24. Bxf1 Bxa3 25. Nxd5 Nxd5 26. bxa3 Kf8
27. Rd3 Ke7 28. h4 Kd6 29. f4 Rc2 30. Bg2 b5 31. Bf3 a6 32. Bd1 Rc3 33. Rxc3
Nxc3 34. Bb3 f6 35. Kf2 Ne4+ 36. Ke3 Nxg3 37. Bc2 f5 38. Bb3 Ne4 39. Bf7 Nc3
40. Bg6 Nd5+ 41. Kf3 Ke6 42. Be8 Nb6 43. Bc6 Kd6 44. Bb7 a5 45. Ke2 Nd5 46. Kf3
a4 47. Bc8 b4 0-1

[Event "48th New York Masters"]
[Site "New York"]
[Date "2003.03.18"]
[Round "1"]
[White "Kedyk, Dmitry"]
[Black "Stripunsky, Alexander"]
[Result "0-1"]
[WhiteElo "2250"]
[BlackElo "2648"]
[PlyCount "150"]
[EventDate "2003.03.18"]
[SourceDate "2002.01.21"]

1. e4 c5 2. Nf3 e6 3. d4 cxd4 4. Nxd4 a6 5. Nc3 b5 6. g3 Bb7 7. Bg2 d6 8. O-O
Nd7 9. Re1 Rb8 10. f4 h5 11. a3 Be7 12. Be3 Ngf6 13. h3 Qc7 14. Bf2 g6 15. Nf3
O-O 16. Ng5 Nh7 17. h4 Bf6 18. g4 hxg4 19. Qxg4 Bg7 20. Nxh7 Kxh7 21. h5 Nf6
22. hxg6+ fxg6 23. Qxe6 Nh5 24. f5 Rf6 25. fxg6+ Rxg6 26. Qh3 Bh6 27. Qxh5 Rbg8
28. Bg3 Rxg3 29. Re2 R8g5 30. Qh2 Qc5+ 31. Kf1 Qe5 32. Rd1 Bc8 33. Rd3 Be6 34.
Rxg3 Rxg3 35. Nd5 Kg7 36. Rf2 Bxd5 37. exd5 Be3 38. Re2 Qf4+ 39. Ke1 Bf2+ 40.
Kd1 Rd3+ 41. cxd3 Qxh2 42. Rxf2 Qg1+ 43. Ke2 Qc1 44. Kf3 Qd1+ 45. Kg3 Qxd3+ 46.
Bf3 Kf6 47. Kg2 Kg5 48. Re2 a5 49. Rf2 Kh4 50. Re2 Qg6+ 51. Kf2 Qg3+ 52. Ke3
Qg1+ 53. Ke4 Qb1+ 54. Kf4 Qc1+ 55. Ke4 Kg5 56. Rg2+ Kf6 57. Re2 Qc4+ 58. Ke3
Kf5 59. Kf2 Qd4+ 60. Kg2 Kf4 61. Rf2 Qg7+ 62. Kf1 Ke3 63. Bg2 Qg4 64. Kg1 Qd1+
65. Rf1 Qe2 66. b3 Kd4 67. a4 Qe3+ 68. Kh1 Qh6+ 69. Kg1 Qe3+ 70. Kh1 Qxb3 71.
axb5 Qxb5 72. Rd1+ Ke3 73. Bf1 Qb4 74. Rd3+ Kf2 75. Bg2 Qb1+ 0-1

[Event "48th New York Masters"]
[Site "New York"]
[Date "2003.03.18"]
[Round "4"]
[White "Yudasin, Leonid"]
[Black "Gersov, Evgeny"]
[Result "1-0"]
[WhiteElo "2706"]
[BlackElo "2359"]
[PlyCount "99"]
[EventDate "2003.03.18"]
[SourceDate "2002.01.21"]

1. e4 c5 2. Nf3 Nc6 3. Bb5 g6 4. Bxc6 dxc6 5. h3 Bg7 6. d3 e5 7. Be3 b6 8. a4
a5 9. Na3 f6 10. Qd2 Be6 11. O-O Ne7 12. b3 g5 13. Nc4 Ng6 14. c3 h5 15. d4 g4
16. Nh2 gxh3 17. g3 cxd4 18. cxd4 exd4 19. Qxd4 Qxd4 20. Bxd4 Bxc4 21. bxc4 c5
22. Bc3 O-O 23. Rab1 Rfe8 24. Rfe1 Re6 25. f4 Rd6 26. Nf1 Re8 27. e5 fxe5 28.
f5 Nf8 29. Ne3 Rd3 30. Ba1 Nd7 31. Kh2 Nf6 32. Kxh3 Bh6 33. Nf1 Nd7 34. Rbd1
Rxd1 35. Rxd1 Re7 36. Kh4 Bg7 37. Kxh5 Nf6+ 38. Kg6 Ne4 39. Rd8+ Bf8 40. f6 Re6
41. Kf5 Rxf6+ 42. Kxe4 Rxf1 43. Bxe5 Kf7 44. Rb8 Rc1 45. Rb7+ Kg8 46. Kd5 Rd1+
47. Ke6 Re1 48. Rb8 Rc1 49. Bd6 Re1+ 50. Kd7 1-0

[Event "49th New York Masters"]
[Site "New York"]
[Date "2003.03.25"]
[Round "1"]
[White "Ehlvest, Jaan"]
[Black "Kurniawan, Bobby"]
[Result "1-0"]
[WhiteElo "2702"]
[BlackElo "2311"]
[PlyCount "75"]
[EventDate "2003.03.25"]
[SourceDate "2002.01.21"]

1. d4 Nf6 2. Nf3 g6 3. c4 Bg7 4. Nc3 O-O 5. Bg5 c5 6. d5 d6 7. Nd2 a6 8. e4 e6
9. a4 exd5 10. cxd5 Nbd7 11. Be2 Re8 12. O-O Rb8 13. f3 Qc7 14. Kh1 h5 15. f4
Nh7 16. Bh4 Ndf6 17. e5 Ng4 18. Nc4 dxe5 19. d6 Qd7 20. a5 b5 21. axb6 exf4 22.
Rxf4 g5 23. Rxg4 hxg4 24. Bg3 Bd4 25. Nd5 Nf6 26. Qxd4 Nxd5 27. Qxd5 Rxe2 28.
Qxg5+ Kf8 29. Qf6 Kg8 30. Be5 Rxe5 31. Nxe5 Qe6 32. Qxe6 Bxe6 33. d7 Bxd7 34.
Nxd7 Rb7 35. Rd1 c4 36. Kg1 a5 37. Rd6 Kg7 38. Nc5 1-0

[Event "50th New York Masters"]
[Site "New York"]
[Date "2003.04.01"]
[Round "1"]
[White "Yudasin, Leonid"]
[Black "Zlotnikov, Mikhail"]
[Result "1-0"]
[WhiteElo "2666"]
[BlackElo "2367"]
[PlyCount "173"]
[EventDate "2003.04.01"]
[SourceDate "2002.01.21"]

1. e4 g6 2. d4 Bg7 3. Nc3 d6 4. Be3 c6 5. Qd2 Nd7 6. f3 b5 7. h4 h5 8. Nh3 a6
9. Ng5 Ngf6 10. O-O-O Bb7 11. e5 dxe5 12. dxe5 Nxe5 13. Qxd8+ Rxd8 14. Rxd8+
Kxd8 15. f4 Nfg4 16. Bb6+ Ke8 17. fxe5 Bxe5 18. Be2 f6 19. Ne6 Bc8 20. Nd4 Bd7
21. Bf3 Bf4+ 22. Kb1 Ne5 23. Ne4 Nxf3 24. Nxf3 Kf7 25. Rf1 Bf5 26. Nc3 Rb8 27.
Bg1 e5 28. Rd1 Rb7 29. a3 a5 30. b3 a4 31. b4 g5 32. hxg5 fxg5 33. Re1 Re7 34.
Bc5 Re6 35. Ne4 Kg6 36. Bf2 h4 37. Nc5 Rd6 38. Be3 Bg3 39. Rh1 Bf4 40. Bc1 Rd5
41. Re1 Kh5 42. Bb2 Bg3 43. Rf1 e4 44. Nd4 Bg6 45. Ne2 Kg4 46. Bd4 Bf5 47. Kc1
Bf4+ 48. Kd1 Be5 49. c3 e3 50. Rf3 Bf4 51. Ke1 Rxc5 52. Bxc5 Be4 53. Rxe3 Bxe3
54. Bxe3 Bxg2 55. Kf2 Bd5 56. Ba7 Kf5 57. Ke3 g4 58. Bb8 g3 59. Bxg3 hxg3 60.
Nxg3+ Ke5 61. Ne2 Be4 62. c4 bxc4 63. Kd2 Bd3 64. Nc3 Kd4 65. Nxa4 Bf5 66. Nc3
Bc8 67. a4 Ba6 68. Ne2+ Kd5 69. Kc3 Ke4 70. Nd4 Kd5 71. Nc2 Kd6 72. Ne3 Kc7 73.
Nxc4 Bc8 74. Kd4 Bg4 75. Ne5 Bh3 76. Kc5 Bg2 77. Nc4 Kb7 78. Nd6+ Kc7 79. a5
Bf1 80. Nf5 Kb7 81. Nd4 Bg2 82. Kd6 Be4 83. Ne6 Bf3 84. Nd8+ Ka6 85. Kc5 Bg2
86. Nxc6 Kb7 87. b5 1-0

[Event "51st New York Masters"]
[Site "New York"]
[Date "2003.04.08"]
[Round "4"]
[White "Shevelev, Danny"]
[Black "Ehlvest, Jaan"]
[Result "0-1"]
[WhiteElo "2349"]
[BlackElo "2705"]
[PlyCount "58"]
[EventDate "2003.04.08"]
[SourceDate "2002.01.21"]

1. e4 c5 2. Nf3 d6 3. d4 cxd4 4. Nxd4 Nf6 5. Nc3 e6 6. Be2 Be7 7. g4 d5 8. exd5
Nxd5 9. Bb5+ Bd7 10. Nxd5 exd5 11. Bxd7+ Qxd7 12. Nf5 O-O 13. O-O Nc6 14. c3
Rfe8 15. Bf4 Bf8 16. Qf3 g6 17. Ne3 Rad8 18. Rad1 d4 19. c4 Bg7 20. Nd5 Rc8 21.
Rfe1 Re6 22. Bg5 Ne5 23. Rxe5 Bxe5 24. b3 Bg7 25. h3 Rce8 26. Kg2 Re1 27. Rd3
f5 28. Bf6 R8e4 29. Bxd4 Rxd4 0-1

[Event "52nd New York Masters"]
[Site "New York"]
[Date "2003.04.15"]
[Round "1"]
[White "Blatny, Pavel"]
[Black "Shahade, Michael"]
[Result "1-0"]
[WhiteElo "2558"]
[BlackElo "2268"]
[PlyCount "51"]
[EventDate "2003.04.15"]
[SourceDate "2002.01.21"]

1. g3 d5 2. Bg2 c6 3. b3 Nf6 4. Bb2 Bf5 5. d3 e6 6. e3 Nbd7 7. Nd2 Nc5 8. Qb1
a5 9. a3 h5 10. h3 b5 11. Ne2 Bd6 12. Nd4 Qc7 13. Nxf5 exf5 14. Bxf6 gxf6 15.
h4 Bxg3 16. fxg3 Qxg3+ 17. Kf1 Rg8 18. Bf3 O-O-O 19. Qe1 Ne4 20. dxe4 dxe4 21.
Qxg3 Rxg3 22. Kf2 Rgg8 23. Rad1 exf3 24. Nxf3 Kc7 25. Rxd8 Rxd8 26. Rg1 1-0